| 000 | 00968cam a2200277 i 4500 | ||
|---|---|---|---|
| 001 | 000018205 | ||
| 005 | 20200929165412.0 | ||
| 008 | 770425s1976 fr af 000 0bfre | ||
| 020 | _a2259001408 : | ||
| 040 |
_aDO-SdBNP _cDLC _dDLC _dBNPHU |
||
| 082 |
_a739.4 _bL933B |
||
| 100 | 1 |
_aBlasquez, Adelaide. _939418 |
|
| 245 | 1 | 0 |
_aGaston Lucas, serrurier : _bchronique de l'anti-heros / _cAdelaide Blasquez. |
| 260 |
_aParís : _bPlon, _c1976. |
||
| 300 |
_a284 p. : _bil. ; _c21 cm. |
||
| 490 | 1 | _aTerre humaine | |
| 490 | 1 | _aCollection d´etudes et de témoignages dirigée par Jean Malaurie | |
| 500 | _aIncluye notas al pie de las páginas. | ||
| 600 | 1 | 0 |
_aLUCAS, GASTÓN, _d1907- _xBIOGRAFÍA _939419 |
| 650 | 4 |
_aHerrajes _xBiografía _939420 |
|
| 650 | 4 |
_aMetalurgia _939421 |
|
| 830 | 0 |
_aTerre humaine _939422 |
|
| 830 | 0 |
_aCollection d´etudes et de témoignages dirigée par Jean Malaurie _939423 |
|
| 910 | _aCatalogación por copia / LC | ||
| 049 | _aBNGR | ||
| 999 |
_c17726 _d17726 |
||